00446nam a2200157Ia 4500003000900000008004100009040001600050080001500066245004000081260004700121300001500168490002800183650004100211650000800252700002800260IN-BaIIA211028s9999 xx 000 0 eng d cIIA Library a523.9bKUI 4aThe suncedited by Gerard P. Kuiper aChicagobUniversity of Chicago Pressc1953 axix, 745p. aThe solar system; v. 1. aAstronomy and Astrophysics Thesaurus aSun aKuiper, P. Gerard., ed.